|
|
|
|
| LEADER |
01155nam a2200277 u 4500 |
| 001 |
10022780 |
| 003 |
upatras |
| 005 |
20240413063303.0 |
| 008 |
990123s1991 uk eng |
| 020 |
|
|
|a 0631175024
|
| 040 |
|
|
|a GR-PaULI
|c GR-PaULI
|
| 041 |
0 |
|
|a eng
|
| 082 |
0 |
4 |
|a 491.782
|
| 100 |
1 |
|
|a Wade, Terence
|9 148355
|
| 245 |
1 |
0 |
|a A comprehensive Russian grammar
|c Terence Wade; edited by Michael J. de K. Holman
|
| 260 |
|
|
|a Oxford, UK
|a Cambridge, USA
|b Blackwell
|c 1992
|
| 300 |
|
|
|a xxvi, 582 p.
|c 23 cm.
|
| 504 |
|
|
|a Includes bibliographical references and indexes
|
| 650 |
|
0 |
|a Γλωσσολογία
|9 517
|
| 650 |
|
4 |
|a Ρωσική γλώσσα
|x Γραμματική
|9 42911
|
| 700 |
1 |
|
|a Holman, Michael J. de K.
|4 edt
|9 148356
|
| 852 |
|
|
|a GR-PaULI
|b ΠΑΤΡΑ
|b ΦΙΛΟΛΟΓΙΑ
|k ΑΣΧΞ
|h 491.782 W
|m 044779
|p 025000057358
|t 1
|
| 942 |
|
|
|2 ddc
|c BK15
|
| 952 |
|
|
|0 0
|1 0
|2 ddc
|4 0
|6 491_782000000000000_W
|7 0
|9 187894
|a LISP
|b LISP
|c BSC
|d 2016-04-24
|i 044779
|l 2
|o 491.782 W
|p 025000057358
|r 2018-05-04 00:00:00
|s 2018-04-18
|t 1
|w 2016-04-24
|y BK15
|x Μεταφορά από Φιλολογία
|
| 998 |
|
|
|c ΠΑΝΑΓΟΠΟΥΛΟΥ
|d 1999-06
|
| 999 |
|
|
|c 115878
|d 115878
|